[Event "German Masters 2021"]
[Site "Magdeburg"]
[Date "2021.07.23"]
[Round "1.1"]
[White "Engel, Luis"]
[Black "Bluebaum, Matthias"]
[Result "1-0"]
[WhiteElo "2543"]
[BlackElo "2669"]
[Annotator "TA"]
[PlyCount "109"]
[EventDate "2021.07.23"]
[EventType "tourn"]
[EventCountry "GER"]
[SourceTitle "playchess.com"]
[Source "ChessBase"]
[SourceQuality "1"]

{[%evp 23,109,31,20,17,10,20,32,13,16,13,29,33,31,21,26,12,33,0,0,0,15,0,14,0,13,0,0,-9,-6,-16,-13,-58,-3,-18,-20,-54,-6,-7,7,4,10,9,6,6,30,33,31,0,0,0,37,0,0,0,0,0,8,8,52,13,70,56,107,86,77,0,8,0,5,0,0,0,0,-15,0,0,0,0,562,527,835,764,889,885,856,820,1066,1058]} 1. e4 e6 2. d4 d5 3. Nd2 c5 4. exd5 Qxd5 5. Ngf3 cxd4 6. Bc4 Qd6 7. O-O Nf6 8. Nb3 Nc6 9. Nbxd4 Nxd4 10. Nxd4 Be7 11. c3 O-O 12. Qf3 Qc7 13. Bd3 {C07: French Tarrasch: 3...c5, 4 Ngf3 and 4 exd5 Qxd5.} Bd7 14. Re1 Rfd8 15. h3 {[#] White is slightly better.} Bc6 $146 ({Predecessor:} 15... Rac8 16. Bc2 Bc6 17. Nxc6 Qxc6 18. Qxc6 Rxc6 19. Bd1 Nd5 20. Bf3 Rc7 21. g3 b5 22. Be2 a6 23. h4 Nb6 24. Bf4 Rcd7 25. Rad1 Nd5 26. Bc1 Bf6 {½-½ (26) Berg,J (1947)-Woll,U GER email 2015}) 16. Nxc6 Qxc6 17. Qxc6 bxc6 18. Rd1 Rab8 19. Rb1 Nd5 {Threatens to win with ...Nxc3!} 20. Be4 f5 21. Bc2 Bf6 22. Bd2 g6 23. Bb3 Kg7 24. c4 Nb6 25. Bb4 Kf7 26. Bd6 Rb7 27. Kf1 {[#]} (27. Bc5 {feels hotter.} Rxd1+ 28. Rxd1 Nd7 29. Ba3 Be7 30. c5) 27... Be7 (27... Nxc4 $1 $15 28. Bxc4 Rbd7) 28. Be5 Rxd1+ 29. Rxd1 Nd7 30. Bd4 e5 31. Bc3 Nc5 32. Bc2 e4 33. b4 Nd3 34. a3 Rd7 35. Ba4 Rc7 36. Bc2 Rd7 37. Ba4 Rc7 38. c5 $36 {[%mdl 2048] White has some pressure.} Bf6 39. Bb3+ Kg7 40. Bd2 h6 41. Bc2 Rd7 {[#]} ({Better is} 41... Rb7 $11) 42. Bf4 $1 Rd4 (42... g5 $14 43. Bd6 a5) (42... a5 43. bxa5) 43. Be3 $16 Rd8 44. Rb1 ({White should try} 44. f3 $16) 44... g5 45. g3 Be5 46. Rd1 Bb2 47. a4 a6 48. f4 gxf4 49. Bxf4 Rd5 $1 50. Bb3 Nxf4 {[%mdl 8192]} (50... Rd4 $1 $11 {and Black has nothing to worry.}) 51. Bxd5 $18 {White is clearly winning.} Nxd5 {[#]} 52. Rxd5 {[%mdl 512]} cxd5 (52... Kf7 53. Rd6) 53. b5 axb5 {[#]} 54. a5 $1 d4 55. c6 {Weighted Error Value: White=0.10/Black=0.31} 1-0

[Event "German Masters 2021"]
[Site "Magdeburg"]
[Date "2021.07.23"]
[Round "1.2"]
[White "Heimann, Andreas"]
[Black "Graf, Alexander"]
[Result "1-0"]
[WhiteElo "2599"]
[BlackElo "2569"]
[Annotator "TA"]
[PlyCount "69"]
[EventDate "2021.07.23"]
[EventType "tourn"]
[EventCountry "GER"]
[SourceTitle "playchess.com"]
[Source "ChessBase"]
[SourceQuality "1"]

{[%evp 14,69,27,14,24,13,28,33,40,40,37,6,4,-1,25,28,120,120,97,83,135,20,23,26,20,24,46,34,115,66,104,64,76,75,56,35,53,14,8,10,10,10,8,3,5,3,126,94,418,422,448,439,468,489,445,442,419,432]} 1. e4 e6 2. d4 d5 3. Nc3 Bb4 4. e5 c5 5. a3 Bxc3+ 6. bxc3 Ne7 7. Qg4 Kf8 8. a4 {8.h4 is becoming the main line.} Qc7 {C18: French: 3 Nc3 Bb4: Main line: 7 h4 and 7 Qg4.} 9. Qd1 b6 10. Nf3 h6 {White is slightly better.} 11. Bd3 Ba6 12. O-O Bxd3 13. cxd3 {[#]} Nd7 $146 ({Predecessor:} 13... cxd4 14. cxd4 Nbc6 15. Ba3 Rc8 16. Rc1 Kg8 17. Rc3 Kh7 18. Qc2 Qb7 19. Rc1 a6 {0-1 (56) Buldaev,N (2173)-Obolenskikh,D (2522) Ulan Ude 2015}) 14. a5 b5 (14... Rb8 $11) 15. dxc5 $16 Nxc5 16. Ba3 Kg8 (16... a6 $142) 17. c4 (17. Qb1 $1 $16) 17... bxc4 $11 18. dxc4 Rc8 19. Qc2 Ne4 20. Qd3 Ng5 ({Better is} 20... Nc5 $14 21. Qc2 dxc4) 21. Bxe7 Qxe7 22. cxd5 exd5 23. Rad1 g6 24. Nd4 Kg7 25. f4 Ne4 26. f5 {f6+ is the strong threat.} Qxe5 27. fxg6 fxg6 28. Qa6 {And now Ne6+ would win.} Rhe8 29. Qxa7+ Rc7 (29... Re7 $1 $11 30. Qa6 Rc4) 30. Qb6 $36 {[%mdl 2048] White has strong initiative.} Rc5 $2 {[%mdl 8192] [#] Loses the game.} (30... Qd6 $16 {is tougher.}) 31. a6 $1 $18 {[%cal Ba5a6,Ba6a7][%mdl 32]} Qd6 32. Qb2 {Threatening mate with Ne6+!} Kg8 {[#]} 33. a7 ({Weaker is} 33. Qb7 Rc7 $11) 33... Rcc8 34. Qb7 Kh8 35. Kh1 {Weighted Error Value: White=0.14/Black=0.48} 1-0

[Event "German Masters 2021"]
[Site "Magdeburg"]
[Date "2021.07.23"]
[Round "1.3"]
[White "Fridman, Daniel"]
[Black "Svane, Rasmus"]
[Result "1/2-1/2"]
[WhiteElo "2608"]
[BlackElo "2615"]
[Annotator "TA"]
[PlyCount "81"]
[EventDate "2021.07.23"]
[EventType "tourn"]
[EventCountry "GER"]
[SourceTitle "playchess.com"]
[Source "ChessBase"]
[SourceQuality "1"]

{[%evp 9,81,0,15,18,26,18,26,16,16,14,6,0,0,0,5,8,3,2,0,0,0,0,15,0,13,0,1,8,23,23,20,14,20,18,23,12,18,11,22,3,4,4,14,0,0,0,0,0,0,0,0,0,0,0,0,0,0,0,0,0,0,0,0,0,0,0,0,0,0,0,0,0,0,0]} 1. d4 Nf6 2. Nf3 d5 3. Bf4 c5 4. e3 e6 5. Nbd2 Qb6 6. Rb1 {D02: 1 d4 d5 2 Nf3 sidelines, including 2...Nf6 3 g3 and 2...Nf6 3 Bf4.} Bd6 {Nowadays more popular than 6...Nc6.} 7. dxc5 Qxc5 {[#]} 8. Bxd6 $146 {White has an edge.} ({Predecessor:} 8. b4 Qc7 9. Bxd6 Qxd6 10. c4 O-O 11. Be2 a5 12. b5 b6 13. cxd5 exd5 14. O-O {½-½ (60) Aronian,L (2781)-Dominguez Perez,L (2758) chess24.com INT 2021}) 8... Qxd6 9. c4 O-O 10. Be2 b6 11. O-O Bb7 12. Qa4 Nbd7 13. Rfd1 Rfc8 14. cxd5 Bxd5 15. Rbc1 Nc5 16. Qd4 Qe7 17. b4 Rd8 {[#] aiming for ...Bxf3.} 18. Qb2 Nce4 19. Nxe4 Bxe4 20. Ne5 Rxd1+ 21. Bxd1 h6 22. a3 Rd8 {The position is equal.} 23. Be2 Nd7 24. Nxd7 Qxd7 25. f3 Bg6 26. Qe5 Kh7 27. Rd1 Qc8 {[#] Threatens to win with ...Rxd1+.} 28. Rxd8 Qxd8 29. Qc3 a5 30. g3 axb4 31. axb4 Qd6 32. Kf2 e5 33. h4 h5 34. b5 Bf5 35. Qc4 Kg8 36. f4 Qd2 37. fxe5 {Black must now prevent Qd4.} Bg4 38. Kf1 Bh3+ 39. Kf2 Bg4 40. Kf1 Bh3+ 41. Kf2 {Not much happened in this game.  Weighted Error Value: White=0.02/Black=0.03} 1/2-1/2

[Event "German Masters 2021"]
[Site "Magdeburg"]
[Date "2021.07.23"]
[Round "1.4"]
[White "Kollars, Dmitrij"]
[Black "Braun, Arik"]
[Result "1/2-1/2"]
[WhiteElo "2607"]
[BlackElo "2609"]
[Annotator "TA"]
[PlyCount "62"]
[EventDate "2021.07.23"]
[EventType "tourn"]
[EventCountry "GER"]
[SourceTitle "playchess.com"]
[Source "ChessBase"]
[SourceQuality "1"]

{[%evp 15,62,34,41,10,18,8,23,9,18,17,24,24,24,23,20,17,23,0,18,26,28,0,40,33,60,22,47,29,38,35,45,10,22,50,45,0,26,0,31,37,33,19,28,0,0,0,0,0,0]} 1. e4 c5 2. Nf3 e6 3. d4 cxd4 4. Nxd4 a6 5. Bd3 Nf6 6. O-O Qc7 7. Qe2 d6 8. f4 g6 9. Nc3 {B42: Sicilian: Kan Variation: 5 Bd3.} Bg7 10. e5 dxe5 {[#]} 11. Ndb5 {White has an edge.} axb5 12. Nxb5 Qe7 {Hoping for ...e4!} 13. fxe5 O-O $1 {White must now prevent ...Nfd7.} 14. exf6 Bxf6 15. c3 Bd7 16. Be3 Bg7 17. a4 {[%cal Ba2a4,Ba4a5][%mdl 32] [#]} Na6 $146 ({Predecessor:} 17... Bc6 18. Nd4 Bd5 19. Qf2 Na6 20. Nb5 f5 21. Rad1 Bb3 22. Bc2 Bd5 23. Rfe1 Rfd8 {½-½ (31) Ingunza Curro,A (2193)-Alcala Gonzalez,C (2058) Salobrena 2020}) 18. Qf2 Bc6 19. Bb6 Bd5 20. a5 e5 21. Rfe1 f5 22. b4 Rac8 23. Rad1 Bb3 24. Rb1 Be6 25. Rbd1 e4 26. Bf1 Be5 ({But not} 26... Bxc3 $2 27. Nxc3 Rxc3 28. Bxa6 $18) 27. Bd4 Bb8 28. Ba7 Be5 29. Bd4 Bb8 {The position is equal.} 30. Ba7 Be5 31. Bd4 Bb8 $1 {Weighted Error Value: White=0.12/Black=0.06} 1/2-1/2

[Event "German Masters 2021"]
[Site "Magdeburg"]
[Date "2021.07.23"]
[Round "1.5"]
[White "Meier, Georg"]
[Black "Parvanyan, Ashot"]
[Result "1-0"]
[WhiteElo "2628"]
[BlackElo "2451"]
[Annotator "TA"]
[PlyCount "87"]
[EventDate "2021.07.23"]
[EventType "tourn"]
[EventCountry "GER"]
[SourceTitle "playchess.com"]
[Source "ChessBase"]
[SourceQuality "1"]

{[%evp 14,87,16,6,32,12,23,22,52,54,56,38,75,71,72,71,78,64,85,47,53,42,52,52,52,59,82,83,99,97,132,90,99,83,124,133,210,164,245,252,245,256,273,268,261,257,282,183,168,153,158,184,177,95,106,89,64,81,156,159,214,218,404,420,517,495,1383,1458,1457,1403,5481,3689,12837,12837,29981,29982]} 1. e4 {Illingworth,M} e6 2. d4 d5 3. Nd2 Be7 4. Ngf3 Nf6 5. e5 Nfd7 6. Bd3 c5 7. c3 Nc6 8. O-O h5 {C06: French Tarrasch: 3...Nf6 4 e5 Nfd7 5 Bd3 main lines.} 9. Qe2 $5 {[%mdl 4] [#] Exploring less charted territory.} cxd4 $146 ({Predecessor:} 9... a5 10. dxc5 Qc7 11. Bb5 a4 12. b4 axb3 13. Nxb3 Nxc5 14. Nxc5 Bxc5 15. c4 O-O 16. Bf4 dxc4 17. Bxc4 {1-0 (118) Adams,M (2740)-Rapport,R (2671) Biel 2015 CBM 168 [Illingworth,M]}) 10. cxd4 g5 {The position is equal.} 11. Nb3 Nb4 12. Bb1 $1 g4 13. Ne1 a5 14. a3 Nc6 {White must now prevent ...a4.} 15. a4 Qb6 16. Qd1 Ndb8 17. Be3 Na6 18. Nd3 Bd7 19. f3 gxf3 20. Rxf3 O-O-O 21. Rxf7 Rdg8 22. Bc2 Be8 23. Rf2 Bh4 24. Rf3 Nab4 (24... Kb8 $16 25. Nbc5 Nxc5 26. Nxc5 Nd8) 25. Nf4 Nxc2 (25... Rg4 $142 26. Rc1 (26. Nxe6 Nxc2 27. Qxc2 Bg6 $16) 26... Na2) 26. Qxc2 $18 Kb8 27. Nc5 ({Don't do} 27. Nxe6 $6 Bg6 $16) 27... Bg5 28. Nfxe6 ({Weaker is} 28. Ncxe6 Bxf4 29. Nxf4 (29. Rxf4 Nb4 $15) 29... Nxd4 $16) 28... Bxe3+ 29. Rxe3 Rh6 30. Rf1 {And now Rf6 would win.} Rxe6 31. Nxe6 Nb4 {[#]} 32. Qc5 {[%cal Rc5b6]} Qxe6 33. Rf6 ({Worse is} 33. Qxa5 Qg4 $11) (33. Rc3 $18 Nc6 34. Rf6) 33... Qc8 $16 34. Qxc8+ Kxc8 35. Rc3+ Nc6 {[#]} ({Better is} 35... Kb8) 36. Rd6 $1 Rg4 (36... Bg6 $16) 37. Rxd5 $18 h4 $2 (37... b6 {was worth a try.} 38. Rd6 Kb7) 38. Rd6 Kb8 39. d5 Nd4 (39... Kc8 $142 40. b3 Kc7) 40. Rd8+ {[%mdl 64] Double Attack} Ka7 41. Rxe8 Ne2+ 42. Kf2 Nxc3 43. bxc3 Rxa4 44. d6 {Weighted Error Value: White=0.10/Black=0.45} 1-0

[Event "German Masters 2021"]
[Site "Magdeburg"]
[Date "2021.07.24"]
[Round "2.1"]
[White "Bluebaum, Matthias"]
[Black "Parvanyan, Ashot"]
[Result "1-0"]
[WhiteElo "2669"]
[BlackElo "2451"]
[Annotator "TA"]
[PlyCount "91"]
[EventDate "2021.07.23"]
[EventType "tourn"]
[EventCountry "GER"]
[SourceTitle "playchess.com"]
[Source "ChessBase"]
[SourceQuality "1"]

{[%evp 14,91,25,6,28,13,13,0,12,0,20,12,21,-1,62,58,54,56,98,96,100,33,97,103,112,115,127,115,131,122,118,126,122,71,70,92,87,79,60,38,43,14,13,20,44,44,56,58,57,54,54,46,61,61,50,50,47,46,52,44,81,83,325,166,480,432,448,449,434,448,505,508,470,414,831,505,832,815,774,745]} 1. d4 Nf6 2. c4 e6 3. Nf3 d5 4. Nc3 dxc4 5. Qa4+ c6 6. Qxc4 b5 7. Qd3 Nbd7 8. e4 b4 {D43: Semi-Slav: 5 Bg5 h6.} 9. Na4 Be7 10. Be3 Bb7 {[#] The position is equal.} 11. Rc1 $146 ({Predecessor:} 11. Nc5 Nxc5 12. dxc5 Qa5 13. Nd2 Rd8 14. Nc4 Qc7 15. Nd6+ Bxd6 16. cxd6 Rxd6 17. Qc4 {1-0 (95) Vishnu,P (2474)-Goganov,A (2583) Chennai 2020}) 11... O-O 12. Nd2 a5 13. Qb3 Rc8 (13... Ng4 $11) 14. f3 $1 $14 Qc7 15. Be2 Qb8 16. O-O Rfd8 17. Rc2 ({White should try} 17. Rfd1 $16) 17... h6 (17... c5 $1 $14) 18. Rfc1 Bf8 19. Bf2 Ne8 20. Qe3 Bd6 21. e5 Be7 22. Nb3 Nc7 23. f4 ({Don't do} 23. Nxa5 Bg5 $14) (23. Bd3 $142) 23... Nd5 $16 24. Qg3 Qa7 25. Qg4 Ba6 26. Bxa6 Qxa6 27. f5 exf5 28. Qxf5 Nf8 29. Nbc5 Qa7 30. Rf1 Rc7 31. Re2 Re8 32. Kh1 Bxc5 33. Nxc5 Ne6 34. Ne4 Qa6 35. Ree1 Rf8 36. Nd6 Kh8 37. Bg1 Nb6 $2 {Black cannot hold the game after this.} (37... Re7 $16) 38. Qg4 (38. Be3 $142 Nd5 {[#]} 39. Bxh6 $1 gxh6 40. Qh3) 38... Nc8 $2 {[#]} (38... Nd5 39. Nxf7+ {[%mdl 64] Remove Defender} Rcxf7 40. Rxf7 Rxf7) 39. Nxf7+ $1 {[%mdl 576] Remove Defender} Rcxf7 40. Rxf7 Rxf7 41. Qxe6 Re7 42. Qf5 Qb7 43. e6 Nb6 (43... Re8 $142 44. d5 cxd5) 44. Qf8+ $18 {White is clearly winning.} Kh7 45. Bf2 Nd5 46. Bh4 {Weighted Error Value: White=0.13/Black=0.39} 1-0

[Event "German Masters 2021"]
[Site "Magdeburg"]
[Date "2021.07.24"]
[Round "2.2"]
[White "Braun, Arik"]
[Black "Meier, Georg"]
[Result "0-1"]
[WhiteElo "2609"]
[BlackElo "2628"]
[Annotator "TA"]
[PlyCount "68"]
[EventDate "2021.07.23"]
[EventType "tourn"]
[EventCountry "GER"]
[SourceTitle "playchess.com"]
[Source "ChessBase"]
[SourceQuality "1"]

{[%evp 11,68,0,-4,-12,-12,-11,-20,-20,-12,-17,-21,-6,-6,-14,-18,-23,14,-22,-29,-40,-35,-64,-50,-47,-25,-86,-80,-97,-51,-104,-50,-45,-59,-76,-79,-106,-111,-162,-159,-156,-150,-330,-349,-285,-280,-480,-401,-399,-337,-337,-330,-313,-285,-315,-312,-1016,-1345,-827,-658]} 1. Nf3 Nf6 2. c4 b6 3. Nc3 Bb7 4. d4 e6 5. Bg5 Bb4 6. Rc1 h6 7. Bh4 {E12: Queen's Indian: Unusual White 4th moves, 4 a3, 4 Nc3 Bb7 5 a3 and 4 Nc3 Bb7 .} g5 8. Bg3 Ne4 9. Nd2 {The position is equal.} Bxc3 10. bxc3 Nxg3 11. hxg3 d6 12. e4 Nd7 13. Bd3 {[#]} c5 $146 ({Predecessor:} 13... Qe7 14. Nf1 Nf6 15. f3 g4 16. Qa4+ Nd7 17. f4 f5 18. exf5 e5 19. Kf2 O-O-O {1-0 (65) Yemelin,V (2570)-Tunik,G (2493) St Petersburg 2009}) 14. Nf1 Qf6 15. Bc2 h5 16. Ne3 h4 17. gxh4 gxh4 18. Ba4 (18. Rh3 $11 {remains equal.}) 18... O-O-O $17 19. Bxd7+ Rxd7 20. Qf3 (20. d5 $15) 20... Qg5 (20... Qxf3 $17 21. gxf3 h3) 21. d5 $1 $15 Re7 22. Kd2 Kc7 23. Rce1 exd5 24. cxd5 (24. exd5 $17 Bc8 25. Kc2) 24... Rhe8 $19 25. Qf5 {[#]} Qh6 26. Kc2 $2 {This costs White the game.} (26. f4 $17 {might work better.} Bc8 27. Qg5 Qxg5 28. fxg5) 26... Bc8 27. Qf3 Rxe4 28. Qxf7+ $2 (28. Qd1 {is a better defense.}) 28... Bd7 29. g4 Rf4 30. Rxh4 {And now Qxd7+! would win.} Rxf7 31. Rxh6 Rxf2+ 32. Kb3 b5 33. Nd1 $2 (33. Rh7 c4+ 34. Ka3) 33... c4+ 34. Ka3 {[#]} Rxa2+ $3 {[%mdl 512] Weighted Error Value: White=0.41/Black=0.09} 0-1

[Event "German Masters 2021"]
[Site "Magdeburg"]
[Date "2021.07.24"]
[Round "2.3"]
[White "Svane, Rasmus"]
[Black "Kollars, Dmitrij"]
[Result "1-0"]
[WhiteElo "2615"]
[BlackElo "2607"]
[Annotator "TA"]
[PlyCount "139"]
[EventDate "2021.07.23"]
[EventType "tourn"]
[EventCountry "GER"]
[SourceTitle "playchess.com"]
[Source "ChessBase"]
[SourceQuality "1"]

{[%evp 15,139,30,20,14,14,12,18,-11,-23,-21,-16,-30,-23,-37,-46,-53,-51,-67,-41,-59,-58,-130,-99,-125,-78,-70,-68,-52,-54,-98,-97,-91,-90,-87,-73,-91,-85,-108,-72,-80,-20,-30,-7,-11,51,64,74,60,56,66,76,64,55,31,35,32,31,33,43,8,8,0,0,0,135,134,140,139,151,143,204,204,199,34,191,177,193,191,184,169,194,194,306,276,262,250,250,250,250,244,250,204,250,250,250,250,1205,658,658,250,8513,8870,1579,1668,12845,12842,29937,29942,11902,8555,29958,6550,29951,12851,5604,3485,29967,29966,29973,29970,7277,3692,29974,29976,29963,5606]} 1. e4 c5 2. Nf3 Nc6 3. Bb5 g6 4. O-O Bg7 5. c3 e5 6. d4 cxd4 7. cxd4 exd4 8. Bf4 a6 {[#]} 9. Qa4 {B31: Sicilian: 2...Nc6 3 Bb5 g6.} Nge7 {[#]} 10. Bd6 $1 {[#]} b6 $5 $146 {[%cal Bb7b6,Bb6b5][%mdl 8] New and interesting.} ({Predecessor:} 10... O-O 11. Nbd2 b6 12. Qa3 Ra7 13. Bc4 b5 14. Bd5 b4 15. Qa4 Rb7 16. Bc4 Kh8 17. e5 {1-0 (27) Van den Doel,E (2598)-Van Foreest,J (2632) Amstelveen 2019}) 11. Nbd2 {The position is equal.} Bb7 12. Bd3 Nc8 13. Bf4 O-O 14. Rac1 b5 15. Qb3 Nb6 16. Bd6 Re8 17. Rfe1 Rc8 18. Qd1 ({Better is} 18. Qa3 $15) 18... Na4 $1 $17 19. Rb1 Ne5 20. Bxe5 Bxe5 21. Nxe5 Rxe5 22. Bc2 Nc5 23. Nf3 {[%mdl 64] Double Attack} Re7 {[%cal Rc5e4]} 24. Qxd4 Qe8 25. Rbc1 Nxe4 26. h4 {[#]} Ng5 $1 {[%mdl 512]} 27. Ne5 Rc4 28. Qe3 $11 Rxh4 {White must now prevent ...Rxe5!} 29. Qg3 {[#] aiming for f4.} ({Don't blunder} 29. Qxg5 $2 Rh5 $19) 29... Rh3 30. gxh3 $14 Rxe5 {[%mdl 64] Remove Defender, Decoy} 31. Rxe5 Qxe5 32. Qxe5 Nf3+ 33. Kf1 Nxe5 {[%mdl 4096] Endgame KRB-KBN} 34. f4 Nc4 35. b3 Ne3+ 36. Kf2 Nd5 37. Be4 Nxf4 38. Ke3 Bxe4 39. Kxe4 $11 {KR-KN} Ne6 (39... Nxh3 $11 {remains equal.} 40. Rc7 Nf2+ 41. Kf3 Nd3) 40. Rc8+ $1 $16 Kg7 {[#]} 41. Ra8 $1 f5+ 42. Kf3 Kf6 (42... Nc5 $16 {was necessary.}) 43. Rxa6 $18 Ke5 44. Kf2 $2 (44. Rb6 $18) 44... Kd5 $2 {[#] This move loses the game for Black.} ({Black should try} 44... b4 $1 $14) 45. Rb6 $1 {[%mdl 1024] White has strong compensation.} Kc5 46. Rb7 Kc6 47. Rb8 g5 48. Rh8 g4 (48... Nf4 $142 49. Rxh7 Ne6) 49. hxg4 ({But not} 49. Rxh7 gxh3 50. Rxh3 Kd6 $18) 49... fxg4 50. Rxh7 Ng5 51. Rh6+ d6 52. Ke3 Nf7 53. Rh1 Ne5 54. Ke4 Kc5 55. a3 Nf3 $2 (55... Kc6 56. Rc1+ Kd7) 56. Rc1+ Kb6 57. Rc2 (57. b4 Nd2+ 58. Kd5) 57... Ne1 $2 (57... Nh4 58. Rd2 Kc7) 58. Re2 Nf3 59. Kd5 Nh4 60. Re6 g3 61. Rxd6+ Kc7 62. Rc6+ Kb7 63. Rc3 (63. Rf6 $142 g2 64. Rf7+ Kb6 65. Rg7 b4 66. axb4 Kb5 67. Rg4 Nf5 68. Ke4) 63... Nf5 64. Rc1 Kb6 65. Ke4 Nd6+ 66. Kf4 Ka5 67. Rc2 Kb6 68. Kxg3 b4 69. a4 Nb7 70. Rc4 {Weighted Error Value: White=0.23/Black=0.40} 1-0

[Event "German Masters 2021"]
[Site "Magdeburg"]
[Date "2021.07.24"]
[Round "2.4"]
[White "Graf, Alexander"]
[Black "Fridman, Daniel"]
[Result "1-0"]
[WhiteElo "2569"]
[BlackElo "2608"]
[Annotator "TA"]
[PlyCount "107"]
[EventDate "2021.07.23"]
[EventType "tourn"]
[EventCountry "GER"]
[SourceTitle "playchess.com"]
[Source "ChessBase"]
[SourceQuality "1"]

{[%evp 13,107,0,0,0,0,0,0,0,0,0,14,14,15,12,63,0,1,7,42,-9,-4,-17,85,79,77,73,69,0,0,0,0,0,14,13,64,57,58,72,55,61,89,91,140,47,43,35,54,47,137,134,114,138,79,69,227,154,226,225,540,529,552,554,539,523,530,527,1328,1246,1192,1177,1092,1054,1437,1380,1831,1821,1585,1533,1453,1406,1289,1157,793,748,5585,2918,29960,29940,6119,6095,6095,5616,29979,29979,29995,29996]} 1. Nf3 d5 2. g3 Nf6 3. Bg2 e6 4. O-O Be7 5. c4 O-O 6. d4 dxc4 7. Qc2 b5 8. a4 {E05: Open Catalan: 5 Nf3 Be7.} b4 9. Ne5 Qxd4 10. Bf4 $5 {[%mdl 4] The position is equal. 10.Nxc4 gains popularity. An interesting side line.} Nd5 11. Rd1 Qc5 12. Nd2 {[#]} Ba6 $146 ({Predecessor:} 12... f5 13. Ndxc4 Ba6 14. Bxd5 exd5 15. Be3 d4 16. Rxd4 Bxc4 17. Nd7 Nxd7 18. Rxd7 Qc6 19. Rxe7 {1-0 (28) Guramishvili,S (2329)-Balokas,D (2060) Rethymno 2011}) 13. Rac1 {[%cal Rd2c4]} c3 (13... c6 $11) 14. Ne4 ({Better is} 14. bxc3 $14 Qxc3 15. Qa2) 14... Qb6 $11 {...b3 is the strong threat.} 15. bxc3 f6 {[#]} (15... b3 {is interesting.} 16. Qb1) 16. Nd3 (16. Rxd5 $1 $14 exd5 17. Nxf6+ Qxf6 18. Bxd5+ {[%mdl 64] Double Attack} Kh8 19. Bxa8) 16... b3 17. Qb2 Nc6 (17... Bxd3 $11 18. Rxd3 Na6) 18. c4 $16 Nxf4 19. Nxf4 Rfd8 20. Rxd8+ (20. c5 $14 Qb4 21. Nxe6 Rxd1+ 22. Rxd1) 20... Nxd8 $11 21. a5 Qb8 22. Nd3 Bb7 23. Rc3 Bxe4 (23... a6 $11) 24. Rxb3 $14 Qc8 {aiming for ...Bxg2.} 25. Bxe4 c6 26. c5 Qc7 27. a6 Qa5 {[#]} 28. Ra3 (28. Rb7 $1 $16 {[%cal Rb7e7][%mdl 512]} Bf8 29. Rd7) 28... Qc7 29. Ra4 Qc8 30. Qc2 Rb8 (30... g6 $14) 31. Nf4 $1 $36 {[%mdl 2048] White is in control.} f5 {[#]} 32. Bd3 Qd7 (32... g6 $142) 33. Bc4 g6 $2 {This move loses the game for Black.} (33... Kh8 $1 $14) 34. Ra3 {Threatens to win with Rd3.} Qd4 {[#]} 35. Rd3 $1 {[%cal Rd3d4]} (35. Nxe6 Nxe6 36. Bxe6+ Kg7 $14) 35... Qxc5 {[#]} (35... Qe5 {is tougher.} 36. Rd7 Kf8) 36. Rxd8+ $1 $18 {[%mdl 576] Remove Defender, Decoy} Rxd8 37. Nxe6 {[%mdl 64] Double Attack} Rd1+ 38. Qxd1 Qxc4 39. Qd7 {[%csl LRa7,LRe7][%mdl 64] Double Attack} Kf7 40. Ng5+ Kf6 41. Nxh7+ Kf7 42. Ng5+ Kf6 43. h4 Qxe2 44. Qxc6+ Kg7 45. Qd7 f4 46. Qd4+ Kg8 47. Qd5+ Kh8 48. Nf7+ Kg7 49. Ne5 {Intending Qf7+! and mate.} Kh6 50. Qe6 {[%csl Ge5][%cal Re6g6]} Qe1+ 51. Kg2 {[%csl Ge5][%cal Re6g6]} Qe4+ 52. f3 Qc2+ 53. Kh3 Bd8 54. Qg8 {[%cal Rg8h8] Weighted Error Value: White=0.13/Black=0.73} 1-0